000
00332nam a22001577a 4500
003
SGT
020
_a
978-81-203-3301-7
082
_a
615.4
_b
C19S
100
_a
SEN, LEENA
245
_a
COMMUNICATION SKILLS
250
_a
2ND
260
_a
DELHI
_b
PHI LEARNING
_c
2019
300
_a
227
650
_a
PHARMACY
942
_2
ddc
_c
BK
_0
17
999
_c
22959
_d
22959